000 00756nam a2200229 i 4500
001 105417
003 ES-MaACL
005 20250727033923.0
007 t|
008 060710s1970 fr ||||1| fre d
080 _a330.85
245 0 3 _aLe communisme
_b: réalité et utopie.
260 _aGenève :
_bLibrairie Droz,
_c1970.
300 _aP. 2005-2234 ;
_c22 cm.
490 1 _aEconomies et sociétés ;
_vT. 4, nº 11
500 _aNúmero monográfico de la revista "Economies et sociétés", tomo 4, nº 11, noviembre 1970.
500 _aBiblioteca Juan Andrade.
650 7 _aComunismo
_2embne
_911211
830 0 _aEconomies et sociétés ;
_vT. 4, nº 11
_9232721
852 _aES-MaACL
_jAND-212
_bR.109532
999 _c105417
_d105417